000
00228 a2200097 4500
001
29866
100
_a
Clifton
245
_a
System analysis for Business data processing
260
_a
_b
Business Books
_c
090
_c
19863
_d
19863
942
_a
NUST-CAE
_c
M
_c
10961
999
_c
264939
_d
264939